01518cam a22003857a 4500003000500000005001700005008004100022010001000063011001000073020001500083035001100098040000900109082002700118110006300145245013100208260007100339300001100410490003900421590004100460590004100501590004100542590004100583590004200624650003500666650002400701700003600725700003200761830004600793901000700839905002600846942001000872949008200882999001700964952015100981CHAP20220329143031.0050923s2004 it rn 00010 eng d a90973 a91945 a9251052565 a102508 cCHAP04a639.2bF46 v.735 Supl.2 aFAO. Comité Asesor sobre Investigación Pesquera93949010aPapers presented at the session of the working party on small-scale fisheries (2a.)c/ed. by Benedict P. Satia y Derek Staples aRome :bFAO.Comité Asesor sobre Investigación Pesquera,c2004. a198 p. 0aFAO. Informe de pescav; 735 Supl. aBATCH-UPDb10c20130110lUCH01h0544 aBATCH-UPDb10c20130110lUCH01h2351 aBATCH-UPDb10c20130410lUCH01h0225 aBATCH-UPDb10c20130914lUCH01h1349 aCONVERSIONb10c20130109lUCH01h135004aPescaxInvestigación.98739104aPesquería.9874960 aSatia, Benedict P.eed.91026970 aStaples, Derekeed.91094760 aFAO. Informe de pescav; 735 Supl.939587 aBK aAlejandra Carrasco M. cLIBRO a639.2 F46 v.735 Supl.bBCcFAOd33724000963203eFAO1gDon.h107016i102508sb c90973d90973 00104053708FAOaBCbBCcPP_FAOd2019-12-31eDon.fLIBROi127l0o639.2 F46 v.735 Supl.p33724000963203r2019-12-31 00:00:00w2019-12-31yLIBRO